A Bibliography on Corynespora leaf fall disease. Chapter 17. Full articles (Record no. 44295)

MARC details
000 -LEADER
fixed length control field 00336nam a2200121Ia 4500
082 ## - DEWEY DECIMAL CLASSIFICATION NUMBER
Classification number NR:016COR
Item number RRI
100 ## - MAIN ENTRY--AUTHOR NAME
Personal name Jose, M
245 #2 - TITLE STATEMENT
Title A Bibliography on Corynespora leaf fall disease. Chapter 17. Full articles
260 ## - PUBLICATION, DISTRIBUTION, ETC. (IMPRINT)
Place of publication Kottayam
Name of publisher RRII
Year of publication 2006
700 ## - ADDED ENTRY--PERSONAL NAME
Personal name Latha, N
942 ## - ADDED ENTRY ELEMENTS (KOHA)
Koha item type Books
Holdings
Withdrawn status Lost status Damaged status Not for loan Home library Current library Date acquired Source of acquisition Full call number Accession Number Koha item type
        RRII Library RRII Library 16/12/2021 Gift NR:016COR RRI G01042 Books